Všudybyl Avery. Den ve společnosti Aztéků /

Hlavní autor: Olivieri, Jacopo, 1966-
Další autoři: Corradin, Clarissa, Doležalová, Magdalena
Jazyk: Čeština
Vydáno: Praha : Bambook, 2020
Vydání: První vydání
Témata:
Fyzický popis: 55 stran : barevné ilustrace ; 26 cm
Knihy
Uloženo v:
LEADER 02330nam a2200613 i 4500
001 nkc20203237690
003 CZ PrNK
005 20200730091613.0
007 ta
008 200707s2020 xr a b f 000 0 cze
015 |a cnb003237690 
020 |a 978-80-271-2522-7  |q (vázáno) :  |c Kč 249,00 
035 |a (OCoLC)1200255904 
040 |a OLA001  |b cze  |d ABA001  |e rda 
041 1 |a cze  |k eng  |h ita 
043 |a n-mx--- 
045 |a t-t- 
072 7 |a 94(72)  |x Dějiny Střední Ameriky a Karibské oblasti  |2 Konspekt  |9 8 
072 7 |a 0/9-053.2  |x Literatura pro děti a mládež (naučná)  |2 Konspekt  |9 26 
080 |a 316.72/.75  |2 MRF 
080 |a 94(=822.21)  |2 MRF 
080 |a (721/727)  |2 MRF 
080 |a (0.062)  |2 MRF 
080 |a (0.053.2)  |2 MRF 
100 1 |a Olivieri, Jacopo,  |d 1966-  |7 xx0230325  |4 aut 
245 1 0 |a Všudybyl Avery.  |p Den ve společnosti Aztéků /  |c napsal Jacopo Olivieri ; nakreslila Clarissa Corradinová ; přeložila: Magdalena Doležalová 
246 3 0 |a Den ve společnosti Aztéků 
250 |a První vydání 
264 1 |a Praha :  |b Bambook,  |c 2020 
300 |a 55 stran :  |b barevné ilustrace ;  |c 26 cm 
336 |a text  |b txt  |2 rdacontent 
336 |a statický obraz  |b sti  |2 rdacontent 
337 |a bez média  |b n  |2 rdamedia 
338 |a svazek  |b nc  |2 rdacarrier 
500 |a Přeloženo z anglického překladu italského originálu 
500 |a Chronologický přehled 
648 7 |a 16. století  |7 ch460554  |2 czenas 
650 0 7 |a Aztékové  |7 ph117375  |x dějiny  |2 czenas 
650 0 7 |a kultura a společnost  |7 ph122010  |z Mexiko  |y 16. století  |2 czenas 
650 0 9 |a Aztecs  |x history  |2 eczenas 
650 0 9 |a culture and society  |z Mexico  |y 16th century  |2 eczenas 
655 7 |a populárně-naučné publikace  |7 fd131864  |2 czenas 
655 7 |a publikace pro děti  |7 fd133156  |2 czenas 
655 9 |a popular works  |2 eczenas 
655 9 |a children's literature  |2 eczenas 
700 1 |a Corradin, Clarissa  |7 pna20191058867  |4 ill 
700 1 |a Doležalová, Magdalena  |4 trl 
765 0 8 |i Název anglického překladu:  |t Day with the Aztecs  |9 Česky 
910 2 |a BOA001  |b 3-1450.367 
928 9 |a Grada Publishing - Bambook 
990 |a BK 
995 |a 01 
991 |b 202007  |c NOV 
996 6 |b 2610830144  |c 3-1450.367  |l MZK  |r Sklad / do 1 hodiny  |n 0  |p p.v.  |w 001813084  |u 000010  |a 1  |e BOA001  |j MZK50  |s P